| 000 | 00464cam a2200181ua 4500 | ||
|---|---|---|---|
| 001 | 709 | ||
| 008 | 110413n ii |||gr||||Z||||||eng | ||
| 040 | _cMAIN | ||
| 082 | _a342 | ||
| 245 |
_aSelect modern governments. _cBy Vidya Dhar Mahajan. |
||
| 250 | _a8th. | ||
| 260 |
_aNew Delhi.: _bS-chand & Co.,970. |
||
| 300 |
_axi, 612, 286 p.: _c25 cm. |
||
| 653 | _aPolitical science. | ||
| 653 | _aModern governments. | ||
| 700 | 1 | _aMahajan, Vidya Dhar., | |
| 942 | _cBK | ||
| 999 |
_c636 _d636 |
||